Morphological variation in the endemic colombian water snake, Helicops danieli Amaral, 1937 (Serpentes: Xenodontidae) (Registro nro. 15519)
[ vista simple ]
| 000 -CABECERA | |
|---|---|
| Campo de control | 004270000a22001090004500 |
| 090 ## - CLASIFICACIÓN LOCAL | |
| Colección | AS |
| Consecutivo | Seriadas |
| 041 0# - IDIOMA | |
| Código de idioma para texto/pista de sonido o título separado | |
| 100 1# - ASIENTO PRINCIPAL--NOMBRE PERSONAL | |
| Nombre personal | Rossman, Douglas A. |
| 245 10 - MENCION DE TITULO | |
| Título | Morphological variation in the endemic colombian water snake, Helicops danieli Amaral, 1937 (Serpentes: Xenodontidae) |
| 773 1# - Item fuente: | |
| Título | Revista de la Academia Colombiana de Ciencias Exactas, Físicas y Naturales |
| Descripción física | 101 |
| Paginas del Articulo | 589-594 |
| Lugar, editorial y fecha de publicación | 2002 |
| Información sobre la relación | 26 |
| 942 ## - ELEMENTOS ADICIONALES (KOHA) | |
| Tipo de ítem | Artículo |
No hay ítems disponibles.